The origins of the cold war (Record no. 33896)
[ view plain ]
| 000 -LEADER | |
|---|---|
| fixed length control field | 00480nam a2200205Ia 4500 |
| 003 - CONTROL NUMBER IDENTIFIER | |
| control field | 0100 |
| 008 - FIXED-LENGTH DATA ELEMENTS--GENERAL INFORMATION | |
| fixed length control field | 130303s9999 xx 000 0 und d |
| 040 ## - CATALOGING SOURCE | |
| Transcribing agency | ARRUPELIB |
| 050 ## - LIBRARY OF CONGRESS CALL NUMBER | |
| Classification number | E813.G281970 |
| 300 ## - PHYSICAL DESCRIPTION | |
| Other physical details | 122 p. 21 cm. |
| 100 ## - MAIN ENTRY--PERSONAL NAME | |
| Personal name | Gardner, Lloyd C |
| 245 #4 - TITLE STATEMENT | |
| Title | The origins of the cold war |
| 260 ## - PUBLICATION, DISTRIBUTION, ETC. (IMPRINT) | |
| Place of publication, distribution, etc | Waltham |
| 260 ## - PUBLICATION, DISTRIBUTION, ETC. (IMPRINT) | |
| Name of publisher, distributor, etc | Ginn-Blaisdell |
| 260 ## - PUBLICATION, DISTRIBUTION, ETC. (IMPRINT) | |
| -- | 1970 |
| 300 ## - PHYSICAL DESCRIPTION | |
| Extent | xiii |
| 440 ## - SERIES STATEMENT/ADDED ENTRY--TITLE | |
| Title | the American forum series |
| 700 ## - ADDED ENTRY--PERSONAL NAME | |
| Personal name | Lloyd C. Gardner |
| 942 00 - ADDED ENTRY ELEMENTS (KOHA) | |
| Koha issues (borrowed), all copies | 1 |
| Withdrawn status | Lost status | Source of classification or shelving scheme | Damaged status | Not for loan | Collection code | Home library | Current library | Shelving location | Date acquired | Total Checkouts | Full call number | Barcode | Date last seen | Date checked out | Copy number | Price effective from | Koha item type |
|---|---|---|---|---|---|---|---|---|---|---|---|---|---|---|---|---|---|
| Library of Congress Classification | Main Collection | ARRUPE LIBRARY | ARRUPE LIBRARY | 04/03/2013 | 1 | E813.G281970 | 46003042175 | 13/12/2017 | 04/03/2015 | 1 | 04/03/2013 | Monograph ( Printed materials) |